000 00468nam a22001697a 4500
005 20251108164651.0
008 250721s1985 xx 000 0 ara d
082 1 4 _a296/محم
100 1 _aمحمد، حسن
245 1 0 _aرؤية دينية للدولة الإسرائيلية /
264 1 _aعمان :
_bدار الفرقان،
_c1985.
300 _a79ص.
650 1 7 _aاليهودية
650 1 7 _aالصهيونية
942 _2ddc
_cBK
999 _c11360
_d11360